BIBLIOTECA

SENCICO

Diseño Estructural de Casas Habitación (Registro nro. 1028)

Detalles MARC
000 -LEADER
fixed length control field 00744nam a2200289Ia 4500
005 - DATE AND TIME OF LATEST TRANSACTION
control field 20251020182456.0
008 - FIXED-LENGTH DATA ELEMENTS--GENERAL INFORMATION
fixed length control field 200515s9999 xx 000 0 und d
020 ## - INTERNATIONAL STANDARD BOOK NUMBER
International Standard Book Number 970-10-4826-1
082 ## - DEWEY DECIMAL CLASSIFICATION NUMBER
Classification number 624.051/G21
100 ## - MAIN ENTRY--PERSONAL NAME
Personal name Espino Márquez, Luis Ignacio
100 ## - MAIN ENTRY--PERSONAL NAME
Personal name Gallo Ortiz, Gabriel
100 ## - MAIN ENTRY--PERSONAL NAME
Personal name Olvera Montes, Alfonso Emilio
245 #0 - TITLE STATEMENT
Title Diseño Estructural de Casas Habitación
250 ## - EDITION STATEMENT
Edition statement 2a ed.
260 ## - PUBLICATION, DISTRIBUTION, ETC.
Place of publication, distribution, etc. México, D.F.
260 ## - PUBLICATION, DISTRIBUTION, ETC.
Name of publisher, distributor, etc. McGraw-Hill
260 ## - PUBLICATION, DISTRIBUTION, ETC.
Date of publication, distribution, etc. 2005
300 ## - PHYSICAL DESCRIPTION
Extent 187 p.
300 ## - PHYSICAL DESCRIPTION
Other physical details il., tbl., graf.
500 ## - GENERAL NOTE
General note 1 ejemplar
650 ## - SUBJECT ADDED ENTRY--TOPICAL TERM
Topical term or geographic name entry element CASAS HABITACIONES
650 ## - SUBJECT ADDED ENTRY--TOPICAL TERM
Topical term or geographic name entry element DISEÑO ESTRUCTURAL
650 ## - SUBJECT ADDED ENTRY--TOPICAL TERM
Topical term or geographic name entry element MATERIALES
650 ## - SUBJECT ADDED ENTRY--TOPICAL TERM
Topical term or geographic name entry element SISTEMAS CONSTRUCTIVOS
942 ## - ADDED ENTRY ELEMENTS (KOHA)
Koha item type Libros
Existencias
Fecha de la última vez que lo usaron Pago total Signatura topográfica completa Código de barras Precio efectivo desde Tipo de documento Estado perdido Estado dañado No es para préstamo Retirado Ubicación permanente Ubicación actual Fecha de adquisición
15/05/2020   624.051/G21 Bib-Lima15051028 15/05/2020 Libros         Biblioteca Central Lima Biblioteca Central Lima 15/05/2020